Laboratory chemicals 1975/6 / (Record no. 6401)
[ view plain ]
| 000 -LEADER | |
|---|---|
| fixed length control field | 00473nam a22001937a 4500 |
| 001 - CONTROL NUMBER | |
| control field | BD-DhSAU 6401 |
| 003 - CONTROL NUMBER IDENTIFIER | |
| control field | BD-DhSAU |
| 005 - DATE AND TIME OF LATEST TRANSACTION | |
| control field | 20150508131050.0 |
| 008 - FIXED-LENGTH DATA ELEMENTS--GENERAL INFORMATION | |
| fixed length control field | 150508b1975 -uk||||| |||| 00| 0 eng d |
| 040 ## - CATALOGING SOURCE | |
| Original cataloging agency | BD-DhSAU |
| 082 ## - DEWEY DECIMAL CLASSIFICATION NUMBER | |
| Edition number | 22 |
| Classification number | 542.1 |
| Item number | LAB |
| 110 ## - MAIN ENTRY--CORPORATE NAME | |
| Corporate name or jurisdiction name as entry element | BDH |
| 245 ## - TITLE STATEMENT | |
| Title | Laboratory chemicals 1975/6 / |
| Statement of responsibility, etc. | BDH |
| 250 ## - EDITION STATEMENT | |
| Edition statement | Export ed. |
| 260 ## - PUBLICATION, DISTRIBUTION, ETC. (IMPRINT) | |
| Place of publication, distribution, etc. | England : |
| Name of publisher, distributor, etc. | BDH , |
| Date of publication, distribution, etc. | c1975. |
| 300 ## - PHYSICAL DESCRIPTION | |
| Extent | xvi, 320 p.: |
| Dimensions | 30 cm. |
| 590 ## - Name of Cataloguer | |
| Name of Cataloger | IMRAN |
| 650 ## - SUBJECT ADDED ENTRY--TOPICAL TERM | |
| Topical term or geographic name as entry element | Laboratory chemicals |
| 942 ## - ADDED ENTRY ELEMENTS (KOHA) | |
| Source of classification or shelving scheme | Dewey Decimal Classification |
| Koha item type | Book |
| Withdrawn status | Lost status | Source of classification or shelving scheme | Damaged status | Not for loan | Home library | Branch Name | Shelving location | Date acquired | Total Checkouts | Full call number | Barcode | Date last seen | Price effective from | Koha item type |
|---|---|---|---|---|---|---|---|---|---|---|---|---|---|---|
| Dewey Decimal Classification | Not For Loan | SAU Library | SAU Library | Reference | 21/03/1979 | 542.1 LAB | 2596 | 08/05/2015 | 08/05/2015 | Book |
